<?xml version="1.0" encoding="UTF-8"?>
<record
    xmlns:xsi="http://www.w3.org/2001/XMLSchema-instance"
    xsi:schemaLocation="http://www.loc.gov/MARC21/slim http://www.loc.gov/standards/marcxml/schema/MARC21slim.xsd"
    xmlns="http://www.loc.gov/MARC21/slim">

  <leader>01830nam a2200253   4500</leader>
  <controlfield tag="003">NALT</controlfield>
  <controlfield tag="005">20251201103756.0</controlfield>
  <controlfield tag="008">251126b        th ||||| |||| 00| 0 tha d</controlfield>
  <datafield tag="040" ind1=" " ind2=" ">
    <subfield code="a">NALT</subfield>
  </datafield>
  <datafield tag="110" ind1="2" ind2=" ">
    <subfield code="a">&#xE01;&#xE23;&#xE30;&#xE17;&#xE23;&#xE27;&#xE07;&#xE14;&#xE34;&#xE08;&#xE34;&#xE17;&#xE31;&#xE25;&#xE40;&#xE1E;&#xE37;&#xE48;&#xE2D;&#xE40;&#xE28;&#xE23;&#xE29;&#xE10;&#xE01;&#xE34;&#xE08;&#xE41;&#xE25;&#xE30;&#xE2A;&#xE31;&#xE07;&#xE04;&#xE21;.</subfield>
    <subfield code="b">&#xE2A;&#xE33;&#xE19;&#xE31;&#xE01;&#xE07;&#xE32;&#xE19;&#xE2A;&#xE16;&#xE34;&#xE15;&#xE34;&#xE41;&#xE2B;&#xE48;&#xE07;&#xE0A;&#xE32;&#xE15;&#xE34;</subfield>
    <subfield code="9">828</subfield>
  </datafield>
  <datafield tag="245" ind1="1" ind2="0">
    <subfield code="a">&#xE23;&#xE32;&#xE22;&#xE07;&#xE32;&#xE19;&#xE2A;&#xE16;&#xE34;&#xE15;&#xE34;&#xE23;&#xE32;&#xE22;&#xE1B;&#xE35;&#xE1B;&#xE23;&#xE30;&#xE40;&#xE17;&#xE28;&#xE44;&#xE17;&#xE22; &#xE1E;.&#xE28;. 2568 =  </subfield>
    <subfield code="b">Statistical Yearbook Thailand 2025 / </subfield>
    <subfield code="c">&#xE2A;&#xE33;&#xE19;&#xE31;&#xE01;&#xE07;&#xE32;&#xE19;&#xE2A;&#xE16;&#xE34;&#xE15;&#xE34;&#xE41;&#xE2B;&#xE48;&#xE07;&#xE0A;&#xE32;&#xE15;&#xE34; &#xE01;&#xE23;&#xE30;&#xE17;&#xE23;&#xE27;&#xE07;&#xE14;&#xE34;&#xE08;&#xE34;&#xE17;&#xE31;&#xE25;&#xE40;&#xE1E;&#xE37;&#xE48;&#xE2D;&#xE40;&#xE28;&#xE23;&#xE29;&#xE10;&#xE01;&#xE34;&#xE08;&#xE41;&#xE25;&#xE30;&#xE2A;&#xE31;&#xE07;&#xE04;&#xE21;.</subfield>
    <subfield code="h">[electronic resource]</subfield>
  </datafield>
  <datafield tag="246" ind1=" " ind2=" ">
    <subfield code="a">  </subfield>
  </datafield>
  <datafield tag="260" ind1=" " ind2=" ">
    <subfield code="a">&#xE01;&#xE23;&#xE38;&#xE07;&#xE40;&#xE17;&#xE1E;&#xE2F; :</subfield>
    <subfield code="b">&#xE01;&#xE2D;&#xE07;&#xE2A;&#xE16;&#xE34;&#xE15;&#xE34;&#xE1E;&#xE22;&#xE32;&#xE01;&#xE23;&#xE13;&#xE4C; &#xE2A;&#xE33;&#xE19;&#xE31;&#xE01;&#xE07;&#xE32;&#xE19;&#xE2A;&#xE16;&#xE34;&#xE15;&#xE34;&#xE41;&#xE2B;&#xE48;&#xE07;&#xE0A;&#xE32;&#xE15;&#xE34;, </subfield>
    <subfield code="c">2568.</subfield>
  </datafield>
  <datafield tag="300" ind1=" " ind2=" ">
    <subfield code="a">Online resource</subfield>
  </datafield>
  <datafield tag="505" ind1="0" ind2=" ">
    <subfield code="a">&#xE2B;&#xE19;&#xE48;&#xE27;&#xE22;&#xE07;&#xE32;&#xE19;&#xE17;&#xE35;&#xE48;&#xE40;&#xE1C;&#xE22;&#xE41;&#xE1E;&#xE23;&#xE48; --
&#xE04;&#xE33;&#xE19;&#xE33; --
&#xE41;&#xE1C;&#xE19;&#xE17;&#xE35;&#xE48;&#xE1B;&#xE23;&#xE30;&#xE40;&#xE17;&#xE28;&#xE44;&#xE17;&#xE22; --
&#xE1B;&#xE23;&#xE30;&#xE40;&#xE17;&#xE28;&#xE44;&#xE17;&#xE22; --
&#xE2A;&#xE32;&#xE23;&#xE1A;&#xE31;&#xE0D;&#xE41;&#xE1C;&#xE19;&#xE20;&#xE39;&#xE21;&#xE34; --
&#xE2A;&#xE32;&#xE23;&#xE1A;&#xE31;&#xE0D;&#xE15;&#xE32;&#xE23;&#xE32;&#xE07;&#xE2A;&#xE16;&#xE34;&#xE15;&#xE34; --
&#xE2A;&#xE31;&#xE0D;&#xE25;&#xE31;&#xE01;&#xE29;&#xE13;&#xE4C; &#xE15;&#xE31;&#xE27;&#xE22;&#xE48;&#xE2D; &#xE0A;&#xE37;&#xE48;&#xE2D;&#xE22;&#xE48;&#xE2D; &#xE41;&#xE25;&#xE30;&#xE2B;&#xE19;&#xE48;&#xE27;&#xE22;&#xE27;&#xE31;&#xE14; --
&#xE01;&#xE32;&#xE23;&#xE41;&#xE1A;&#xE48;&#xE07;&#xE40;&#xE02;&#xE15;&#xE20;&#xE32;&#xE04; --
&#xE15;&#xE31;&#xE27;&#xE0A;&#xE35;&#xE49;&#xE27;&#xE31;&#xE14;&#xE17;&#xE35;&#xE48;&#xE2A;&#xE33;&#xE04;&#xE31;&#xE0D; --
&#xE14;&#xE31;&#xE0A;&#xE19;&#xE35;.</subfield>
  </datafield>
  <datafield tag="651" ind1=" " ind2="4">
    <subfield code="a">&#xE44;&#xE17;&#xE22;</subfield>
    <subfield code="x">&#xE2A;&#xE16;&#xE34;&#xE15;&#xE34;</subfield>
    <subfield code="y">2568</subfield>
    <subfield code="9">67093</subfield>
  </datafield>
  <datafield tag="651" ind1=" " ind2="0">
    <subfield code="a">Thailand </subfield>
    <subfield code="x">Statistics </subfield>
    <subfield code="y">2025</subfield>
    <subfield code="9">67094</subfield>
  </datafield>
  <datafield tag="850" ind1=" " ind2=" ">
    <subfield code="a">NALT</subfield>
  </datafield>
  <datafield tag="856" ind1="4" ind2="0">
    <subfield code="u">https://www.nso.go.th/public/e-book/Statistical-Yearbook/SYB-2025_webPage/Page_SYB_TH.html?</subfield>
    <subfield code="z">E-Book</subfield>
  </datafield>
  <datafield tag="942" ind1=" " ind2=" ">
    <subfield code="2">lcc</subfield>
    <subfield code="c">EBK</subfield>
  </datafield>
  <datafield tag="996" ind1=" " ind2=" ">
    <subfield code="a">jidapa.t</subfield>
    <subfield code="b">ACQSTF</subfield>
    <subfield code="c">2025-11-26</subfield>
  </datafield>
  <datafield tag="996" ind1=" " ind2=" ">
    <subfield code="a">varee.k</subfield>
    <subfield code="b">LIBSTF</subfield>
    <subfield code="c">2025-11-28</subfield>
  </datafield>
  <datafield tag="996" ind1=" " ind2=" ">
    <subfield code="a">jamriang.p</subfield>
    <subfield code="b">CATSTF	</subfield>
    <subfield code="c">2025-12-01</subfield>
  </datafield>
  <datafield tag="999" ind1=" " ind2=" ">
    <subfield code="c">107542</subfield>
    <subfield code="d">107542</subfield>
  </datafield>
  <datafield tag="998" ind1=" " ind2=" ">
    <subfield code="j">1020</subfield>
    <subfield code="k"> &#xE19;&#xE32;&#xE07;&#xE08;&#xE33;&#xE40;&#xE23;&#xE35;&#xE22;&#xE07;  &#xE23;&#xE30;&#xE27;&#xE31;&#xE07;&#xE2A;&#xE33;&#xE42;&#xE23;&#xE07;</subfield>
  </datafield>
  <datafield tag="952" ind1=" " ind2=" ">
    <subfield code="0">0</subfield>
    <subfield code="1">0</subfield>
    <subfield code="2">local</subfield>
    <subfield code="4">0</subfield>
    <subfield code="7">0</subfield>
    <subfield code="8">CERS</subfield>
    <subfield code="a">NALT</subfield>
    <subfield code="b">NALT</subfield>
    <subfield code="c">ONLINE</subfield>
    <subfield code="d">2025-12-01</subfield>
    <subfield code="r">2025-12-01 00:00:00</subfield>
    <subfield code="y">EBK</subfield>
  </datafield>
</record>
